| 000 | 00407cam a2200157ua 4500 | ||
|---|---|---|---|
| 041 |
_aeng _h |
||
| 082 |
_a320.58 _bRAm/GA |
||
| 100 | _aRamachandran, G . | ||
| 245 |
_aGandhi:his relevance for our times / _cG Ramachandran. _hTextual Documents |
||
| 260 |
_a : _bBharatiya vidya bhavan , _c1964. |
||
| 300 | _a354 ; . | ||
| 504 | _a | ||
| 700 | 1 | _aMahadevan, T.K . | |
| 942 | _cBK | ||
| 999 |
_c2261 _d2261 |
||